The trailblazers, (Record no. 999)
[ view plain ]
| 000 -LEADER | |
|---|---|
| fixed length control field | 00519nam a22001817a 4500 |
| 008 - FIXED-LENGTH DATA ELEMENTS--GENERAL INFORMATION | |
| fixed length control field | 150605b xxu||||| |||| 00| 0 eng d |
| 041 0# - LANGUAGE CODE | |
| Language code of text/sound track or separate title | eng |
| 080 ## - UNIVERSAL DECIMAL CLASSIFICATION NUMBER | |
| Universal Decimal Classification number | 646.4 |
| 245 00 - TITLE STATEMENT | |
| Title | The trailblazers, |
| 260 ## - | |
| -- | New York : |
| -- | Time-Life Books, |
| -- | [1973] |
| 300 ## - | |
| -- | 236 f. ; |
| -- | me il. ; |
| -- | 28 cm. |
| 490 ## - | |
| -- | The Old West |
| 505 ## - | |
| -- | Index: f. 238-240 |
| 650 #0 - | |
| -- | the trailblazers |
| 650 #0 - | |
| -- | Shtegshënuesi |
| 700 #1 - | |
| -- | Gilbert, Bil. |
| 942 ## - ADDED ENTRY ELEMENTS (KOHA) | |
| Source of classification or shelving scheme | |
| Item type | Books |
| Withdrawn status | Lost status | Source of classification or shelving scheme | Damaged status | Not for loan | Collection code | Permanent location | Current location | Shelving location | Date acquired | Total Checkouts | Full call number | Date last seen | Price effective from | Koha item type |
|---|---|---|---|---|---|---|---|---|---|---|---|---|---|---|
| Koleksioni i përgjithshem | UBT - Lipjan | UBT - Lipjan | Koleksioni i përgjithshem | 06/05/2015 | 646.4 TRA | 06/05/2015 | 06/05/2015 | Books |